00778nam a2200229Ia 450000100060000000800390000602000150004508200130006024500560007325000120012926000330014130000180017465300240019265300130021665300200022965300620024965300200031170000280033194200120035995201600037199900170053156219130220n2008 ii |||gr||||Z||||||465 a8186827684 a891.4109 0aHridoyor ToposhwinicRani GohainhTextual Documents a2nd ed. aAssambJyoti Prakashanc2008 a186pg:c19cm. aAssamese literature aAssamese aDeptt- Assamese aCollection of essays on the life of Mamoni Roysom Goswami aDeptt- Assamese aGohain, Rani,eAuthor., 2ddccBK 001040708General aSKBLbSKBLcDeptt- Assamesed2013-02-20eASf00000g80.00l0o891.4109 Go 559 Hrp5896/Asr2024-01-14 00:00:00t1w2013-02-20yBKzAS c56143d56143